000 00588nam a22001817a 4500
005 20250918110855.0
010 _aENG-146630
020 _a9788193055649
_c995.00
035 _aEN-130162
037 _bDBAD
082 _a304.6
100 _akamal,k,singh
_985126
245 _aThe Dynamics of Family Policy/
_cKamal K. Singh
260 _aPalam Road, New Delhi
_bDeepansh Publication
_c2025
270 _aR.Z. B-57, Vijay Enclave, Dabri, Palam Road
_bNew Delhi
_e110045
_mdeepanshpublication@gmail.com
300 _a240p.
_c22cm(hb)
942 _2ddc
_cEN
_h304.6
_mkam
999 _c213326
_d213326